| 000 | 00896cam a2200289 a 4500 | ||
|---|---|---|---|
| 001 | 326 | ||
| 003 | BD-RjUL | ||
| 005 | 20211208233147.0 | ||
| 008 | 870115s19961987ii a b 001 0 eng | ||
| 020 | _a0943518660 (pbk.) : | ||
| 035 | _a(BD-RjUL) 343 | ||
| 040 |
_aDLC _cDLC _d(BD-RjUL) _beng |
||
| 041 | _aeng | ||
| 082 | 0 | 0 |
_a005.7565 _219 _bKRU |
| 100 | 1 |
_aKrumm, Rob, _d1951- _91033 _qRob Krumm, |
|
| 245 | 1 | 0 |
_aUnderstanding and using dBase III plus power tools / _cby Rob Krumm. |
| 260 |
_aIndia; Portland, Or. : _bManagement Information Source, Inc., _cc1987[Printing 1996] |
||
| 300 |
_axx, 674 p. : _bill. ; _c23 cm. |
||
| 500 | _aIncludes index. | ||
| 526 | _bComputer science. | ||
| 650 | 0 |
_aDatabase management. _9333 |
|
| 740 | 0 | _adBase 3 plus Power tools. | |
| 740 | 0 | _adBase three plus power tools. | |
| 942 |
_2ddc _cBK |
||
| 999 |
_c326 _d326 |
||